Music Quiz

Random Music or Lyrics Quiz

'Santeria' Lyrics Quiz Stats

 Plays Quiz Updated Jan 7, 2015

Challenge
Share
Tweet
Embed
Score 0/241 Timer 07:00
4 Plays Today
% Correct
I
98.8%
I
98.8%
I
98.8%
I,
98.8%
I
98.8%
I
98.8%
I
98.8%
I
98.8%
I
98.8%
I
98.8%
I
98.8%
I
98.8%
I
98.8%
I,
98.8%
I
98.8%
I
98.8%
I
98.8%
I
98.8%
I
98.8%
I
98.8%
I
98.8%
I
98.8%
I
98.8%
I
98.8%
I
98.5%
an'
98.3%
a
98.3%
and
98.3%
a
98.3%
and
98.3%
a
98.3%
and
98.3%
the
98.3%
the
98.3%
the
98.3%
and
98.3%
and
98.3%
a
98.3%
And
98.3%
and
98.3%
Santeria,
94.6%
no
92.7%
don't
91.7%
go,
90.8%
go
90.8%
got
89.6%
got
89.6%
it
89.6%
it
89.6%
it
89.6%
got
89.6%
got
89.6%
got
89.6%
it,
89.6%
it,
89.6%
got
89.4%
crystal
87.6%
ball,
87.6%
practice
87.6%
all.
87.3%
all.
87.3%
ain't
86.9%
had
84.9%
million
82.1%
dollars
82%
but
81.8%
If
80.4%
if
80.4%
in
78.4%
spent
76.3%
really
76.3%
really
76.3%
really
76.3%
really
76.3%
really
76.3%
really
76.3%
really
76.3%
really
76.3%
know,
75.4%
know,
75.4%
know,
75.4%
% Correct
that
75.4%
that
75.4%
that
75.4%
that
75.3%
that
75.3%
that
75.3%
that
75.3%
that
75.3%
say
72.9%
say,
72.9%
say,
72.9%
say
72.9%
say
72.9%
say
72.9%
he
72.4%
he
72.4%
wanna
69.2%
wanna
69.2%
wanna
69.2%
wanna
69.2%
wanna
69.2%
wanna
69.2%
wanna
69.2%
wanna
69.2%
to
68.8%
to.
68.8%
to
68.8%
to
68.8%
Sancho
66.9%
Sancho
66.9%
my
66.6%
My
66.6%
my
66.6%
my
66.6%
my
66.6%
my
66.6%
my
66.6%
my
66.6%
well
66.5%
Well
66.5%
Well
66.5%
Well
66.5%
What
64.4%
what
64.4%
what
64.4%
what
64.4%
what
64.4%
what
64.4%
what
64.4%
What
64.4%
what
64.4%
I'd
62.7%
I'd
62.7%
her
61.6%
baby,
60.8%
baby,
60.8%
baby,
60.8%
baby,
60.8%
could
60.5%
can't
59.9%
can't
59.9%
is
59.8%
is
59.8%
is
59.8%
down
58.4%
down.
58.3%
cap
57.5%
find
57.3%
find
57.3%
for
56.4%
for
56.4%
pop
56.4%
love
53.9%
love
53.9%
love,
53.9%
have
53.9%
have
53.9%
have
53.9%
oh
52.6%
oh,
52.6%
oh
52.6%
% Correct
Oh,
52.6%
oh
52.6%
slap
51.6%
found,
51.4%
when
47.9%
me
46.5%
his
46.2%
Daddy's
45.5%
Daddy's
45.5%
back,
45%
back?
45%
one
43.4%
one
43.4%
will
43.2%
will
43.2%
will
43.2%
him,
42.7%
forty-five
42.6%
new
42.5%
punka**
42.4%
get
42.3%
of
41.5%
define.
40.6%
define,
40.6%
feel
39.6%
feel
39.6%
feel
39.6%
something
39.5%
soul
39.4%
soul
39.4%
soul
39.4%
make
39%
make
39%
make
39%
throat,
38.6%
wait
38.2%
wait.
38.2%
it's
36.9%
she's
36.9%
won't
36.4%
yeah.
36.2%
yeah,
36.2%
I've
35.9%
good
35.9%
I'll
35.3%
I'll
35.3%
need
35.2%
run
35.2%
believe
35%
mine,
34.8%
hide,
34.5%
own.
34.2%
think
34%
Sancho's
33.5%
just
33.4%
best
33.1%
straight
32.8%
knows
32.8%
break,
32.6%
break,
32.6%
break
32.6%
gonna
32%
twice
31%
stick
30.4%
way
30.4%
up.
28.1%
I'm
28%
Tell
27.7%
till
26.4%
live
26.4%
barrel
25.8%
yes
25.7%
out,
25.5%
swear
23%
heina
23%
heina
23%
Sanchito
22.3%
there's
19.1%
coming
12.5%

You're not logged in!

Compare scores with friends on all Sporcle quizzes.
Join for Free
OR
Log In

You Might Also Like...

Show Comments

Extras

Top Quizzes Today


Score Distribution

Your Account Isn't Verified!

In order to create a playlist on Sporcle, you need to verify the email address you used during registration. Go to your Sporcle Settings to finish the process.

Report this User

Report this user for behavior that violates our Community Guidelines.

Details: